Central Library OPAC University of Rajshahi

Infancy, childhood & adolescence : (Record no. 1722)

MARC details
000 -LEADER
fixed length control field 00990pam a2200301 a 4500
001 - CONTROL NUMBER
control field 1722
003 - CONTROL NUMBER IDENTIFIER
rucl marc code BD-RjUL
005 - DATE AND TIME OF LATEST TRANSACTION
control field 20211208233409.0
008 - FIXED-LENGTH DATA ELEMENTS--GENERAL INFORMATION
fixed length control field 131208s1991 nyua b 001 0 eng
020 ## - INTERNATIONAL STANDARD BOOK NUMBER
International Standard Book Number 0075571099
035 ## - SYSTEM CONTROL NUMBER
System control number (BD-RjUL)1749
040 ## - CATALOGING SOURCE
Original cataloging agency DLC
Transcribing agency DLC
Modifying agency DLC
-- BD-RjUL
Language of cataloging eng
041 ## - LANGUAGE CODE
Language code of text/sound track or separate title eng
082 00 - DEWEY DECIMAL CLASSIFICATION NUMBER
Classification number 305.231
Edition number 20
Author mark and year STI
100 1# - MAIN ENTRY--PERSONAL NAME
Personal name Steinberg, Laurence D.,
Dates associated with a name 1952-
9 (RLIN) 5701
245 10 - TITLE STATEMENT
Title Infancy, childhood & adolescence :
Remainder of title development in context /
Statement of responsibility, etc. Laurence Steinberg, Jay Belsky, Roberta B. Meyer.
260 ## - PUBLICATION, DISTRIBUTION, ETC. (IMPRINT)
Place of publication, distribution, etc. New York :
Name of publisher, distributor, etc. McGraw-Hill,
Date of publication, distribution, etc. c1991.
300 ## - PHYSICAL DESCRIPTION
Pagination xxii, 608 p. :
Illustrations ill. (some col.) ;
Size 26 cm.
504 ## - BIBLIOGRAPHY, ETC. NOTE
Bibliography, etc Includes bibliographical references (p. 543-578) and indexes.
650 #0 - SUBJECT ADDED ENTRY--TOPICAL TERM
Topical term or geographic name as entry element Child development.
9 (RLIN) 5451
Topical term or geographic name as entry element Adolescence.
9 (RLIN) 5452
700 1# - ADDED ENTRY--PERSONAL NAME
Personal name Belsky, Jay,
Dates associated with a name 1952-
Personal name Meyer, Roberta B.
942 ## - ADDED ENTRY ELEMENTS (KOHA)
Source of classification or shelving scheme Dewey Decimal Classification
Koha item type Books
Holdings
Lost status Source of classification or shelving scheme Damaged status Not for loan Collection code Permanent Location Current Location Shelving location Date acquired Source of acquisition Cost, normal purchase price Total Checkouts Full call number Date last seen Copy number Koha item type
  Dewey Decimal Classification     Non-fiction Central Library, University of Rajshahi Central Library, University of Rajshahi   14/08/1994 Aligore Library 71.95   305.231 STI 1991 08/12/2013 C-2 Books
  Dewey Decimal Classification   Added to bundle Non-fiction Central Library, University of Rajshahi Central Library, University of Rajshahi Reading Room 14/08/1994 Aligrah Lib. Dhaka. 71.95   305.231 STI 07/04/2014 C-1 Books